Przyporządkuj powiat województwa wielkopolskiego do rejestracji - Statystyki

Ogólne statystyki
  • Ten quiz został rozwiązany 14 razy
  • Średni wynik to 26 z 35
Odpowiedzi na mapie
Odpowiedzi zakodowano w zielono-czerwonej skali na mapie do tego quizu, zgodnie z poniższymi procentami.
 
Statystyki odpowiedzi
Odpowiedź % Poprawnych
PCT
100%
PO
100%
PKE
89%
PKN
89%
PL
89%
PLE
89%
PNT
89%
PRA
89%
PWR
89%
PGN
78%
PJA
78%
PKL
78%
PKS
78%
PN
78%
PP
78%
PSR
78%
PSZ
78%
PTU
78%
PZ
78%
PZL
78%
PCH
67%
PK
67%
PKA
67%
PMI
67%
POB
67%
POT
67%
PSE
67%
PWL
67%
PGO
56%
POS
56%
PPL
56%
PSL
56%
PWA
56%
PGS
44%
PKR
44%
Nie znaleziono quizów pasujących do podanych kryteriów
Rozkład punktacji
Procent ludzi z każdym wynikiem
Percentyl według liczby udzielonych odpowiedzi
Twoja historia wyników
Nie rozwiązałeś tego quizu